000 00373nam a2200169Ia 4500
008 210210b1911 xxu||||| |||| 00| 0 eng d
041 _aeng
082 _a515/63
100 _aGODFREY
245 _aPlane geometry
260 _aMadras
_bBarat Book Depot
_c1911
650 _aPlane
650 _ageometry
690 _aGeometry
700 _aSIDDONS
906 _a007628
999 _c140167
_d140167